Dotazníkový prieskum faktorov, ktoré vplývajú na životnú úroveň

Salvato in:
Dettagli Bibliografici
Autore principale: Hurbánková, Ľubica, 1980-
Natura: Capitolo di libro
Lingua:slovacco
Tags: Aggiungi Tag
Nessun Tag, puoi essere il primo ad aggiungerne!!

MARC

LEADER 00000naa$a2200000$$$4500
001 0120427
005 20240502072343.4
041 0 |a slo 
044 |a SK 
245 1 0 |a Dotazníkový prieskum faktorov, ktoré vplývajú na životnú úroveň  |c Ľubica Hurbánková 
100 1 |a Hurbánková, Ľubica, 1980-